000 00454 a2200157 4500
020 _a8175540885
024 _a9788175540880
082 _a650.1
090 _c1952
_d1952
100 _aBryan D. Prescott
245 _aCreating A World Class Organization
_bThe Performance Measures of Business Success
_cBryan D Prescott
250 _a2nd
260 _aNew Delhi
_bKogan Page India Private Limited
_c1999
300 _a150
942 _aNBS
_cBK
_k650.1 PRI
999 _c344456
_d344456